000 00722nam a22001937a 4500
999 _c20648
_d20648
005 20200121105746.0
010 _aUR-7568 B-283764
020 _a9788182234031
_c150.00
035 _aB-283764
035 _aU-6123
082 _a861.108
100 _aعبراللہ امتیازاحمد
245 _aمراٹھی ادب میں صوفيانہ شاعری /
_cعبراللہ امتیازاحمد‌‌
246 _aMarathi Adab Mein Sufiyana Shaeri (Urdu) /
_bby Abdullah Imteyaz Ahmad
260 _aDelhi
_bEducational Publishing House
_c2008‌‌ ء
270 _a3108, Vakil Street, Kucha Pandit, Lal Kuan
_bDelhi
_e110006
300 _a144p.
_c22cm(Hb)
942 _2ddc
_cUR
_h861.108
_mع ب د